Лихачев

Podrobná bibliografie
Hlavní autor: Леонтьева Т. К. Тамара Константиновна
Shrnutí:О жизни директора автомобильного завода АМО-ЗИС, впоследствии названного его именем - И.А. Лихачеве. Книга о жизни замечательного человека - одном из самых выдающихся организаторов народного хозяйства отечества, руководителе автомобильного завода Иване Алексеевиче Лихачеве. Книга базируется на документальных фактах, а также материалы, партийных и государственных архивах, заводских журналов и мемуаров его коллег.
Jazyk:ruština
Vydáno: Москва, Молодая гвардия, 1979
Edice:Жизнь замечательных людей. Серия биографий Вып. 5 (591)
Témata:
Médium: MixedMaterials Kniha
KOHA link:https://koha.lib.tpu.ru/cgi-bin/koha/opac-detail.pl?biblionumber=675644

MARC

LEADER 00000nam0a2200000 4500
001 675644
005 20241017130838.0
035 |a (RuTPU)RU\TPU\book\292525 
090 |a 675644 
100 |a 20241017d1979 m||y0rusy5003 ca 
101 0 |a rus 
102 |a RU 
105 |a acf z 001yb 
181 0 |a i   |b  e  
182 0 |a n 
183 0 |a nc  |2 RDAcarrier 
200 1 |a Лихачев  |f Тамара Леонтьева 
203 |a Текст  |b визуальный  |c непосредственный 
210 |a Москва  |c Молодая гвардия  |d 1979 
215 |a 256 с.  |c ил., портр.  |d 21 см. 
225 1 |a Жизнь замечательных людей. Серия биографий  |v Вып. 5 (591) 
283 |a volume  |2 RDAcarrier 
320 |a Библиография: с. 254 
330 |a О жизни директора автомобильного завода АМО-ЗИС, впоследствии названного его именем - И.А. Лихачеве. Книга о жизни замечательного человека - одном из самых выдающихся организаторов народного хозяйства отечества, руководителе автомобильного завода Иване Алексеевиче Лихачеве. Книга базируется на документальных фактах, а также материалы, партийных и государственных архивах, заводских журналов и мемуаров его коллег. 
600 1 |a Лихачев  |b И. А.  |c российский государственный и хозяйственный деятель  |c директор Московского автомобильного завода  |f 1896-1956  |g Иван Алексеевич  |2 stltpush  |3 (RuTPU)RU\TPU\pers\13509  |9 4158 
601 0 2 |a Московский автомобильный завод им. И. А. Лихачева  |c (1956-1992)  |2 stltpush  |3 (RuTPU)RU\TPU\col\14707  |9 25991 
606 1 |a Автомобилестроение  |2 stltpush  |3 (RuTPU)RU\TPU\subj\961  |9 29766 
610 1 |a руководители 
610 1 |a СССР 
610 1 |a директора 
610 1 |a биографии 
610 1 |a персоналии 
610 1 |a Россия 
610 1 |a 20 век 
675 |a 629.113.002(092)  |v 4 
700 1 |a Леонтьева  |b Т. К.  |g Тамара Константиновна  |4 070 
801 0 |a RU  |b 63413507  |c 20241017 
830 |a Ретро2024Каталогизация Шило 
942 |c BK